Gaming Quiz

Random Gaming Quiz

Ace Attorney Trivia (Very Difficult) Quiz Stats

Quiz not verified by Sporcle

Challenge
Share
Tweet
Embed
Score 0/39 Timer 12:00
0 Plays Today
Question Answer % Correct
What is the name of the character that the victim of this case plays in 'The Steel Samurai: Warrior of Neo Olde Tokyo?'The Evil Magistrate
78.8%
What was the victim's cause of death in this case?Electrocution
59.3%
What is the birth name of Maximillion Galactica, superstar of the Berry Big Circus?Billy Bob Johns
56.8%
The costume worn by Juniper Woods for her performance at the festival concert is nearly identical to that worn by which other character in the series?Lamiroir
48.3%
What is the identity of the person who aimed a gun at Miles Edgeworth in his office at the beginning of this case?Tyrell Badd
47.5%
What was the code number to the safe in the Caretaker's Shack of the Boat Rental Shop?1228
46.6%
Name an item that fell onto Horace Knightley (Manosuke Naito's) head that referenced an earlier case following his breakdown at the end of this case.The 'Thinker' clock/A Mr. Ifly doll/A Blue Badger doll/A box of Samurai Dogs
44.9%
How expensive was the glass lightstand bought by the victim in this case?$1,000
41.5%
What was the nickname of the defendant's father in this case, Winfred Kitaki?Winfred 'Big Wins' Kitaki
40.7%
In this case, both pseudonyms Shadi Smith and Zak Gramarye are revealed to belong to the same man. What was his real name?Shadi Enigmar
40.7%
What cell is Morgan Fey held in at the end of this case, which would later also hold Kristoph Gavin?Solitary Cell 13
39.8%
What is the full name of the oldest character in the original trilogy to be given an exact birth year, named in this case?Bruto Cadaverini
39%
What was the assailant of Miles Edgeworth at the beginning of this case wearing?A Proto Badger costume
38.1%
What was the name of the river located underneath Dusky Bridge, the scene of the crime in this case?Eagle River
37.3%
What is the name of the Act which states that the defence attorney of a convicted criminal in Khura'in must also share the same punishment, first mentioned in this case?The Defence Culpability Act
36.4%
What was the name of the Russian restaurant where the victim of this case was found?Borscht Bowl Club
35.6%
Who does 'IPXX314206,' the message left by the victim in this case, refer to?Himself
34.7%
What was the name of the seven-branched ceremonial sword held by the statue of Ami Fey, located in the Treasures of Kurain Exhibit of the Lordly Tailor department store?Shichishito
33.9%
What was the name of the magazine that featured Hazakura Temple, and a picture of Sisters Bikini and Iris on the cover?Oh! Cult!
33.9%
What is the name of the defendant in the so-called 'Second KG-8 Incident?'Mack Rell
32.2%
Question Answer % Correct
What was the real name of the victim in this case, who became the successor to the original 'Great Mr. Reus?'Manov Mistree
32.2%
What was the name of the female animal trainer who worked with Ora Shipley the First?Azura Summers
32.2%
What date does the murder in this case take place?July 31
31.4%
What was the name of the victim in this case?Akbey Hicks
29.7%
In the film being created throughout the events of this case, Moozilla (Borumosu) features, fighting which other creature, mentioned previously in the series?Gourdy
28.8%
The four personalities of Uendo Toneido were known as Uendo, Patches, Owen and what other name?Kisegawa
28%
What country did Dane Gustavia (Yutaka Kazami) travel to, suspending the statute of limitations and making him vulnerable to arrest?Zheng Fa
26.3%
What is unique about this case, an event not repeated in any other case in the original trilogy of games?The defendant was guilty
25.4%
What are the names of the two countries with prospects of being reunified as Cohdopia called?Allebahst and Babahl
24.6%
Name one of the victims of mass murderer Joe Darke.Edward Jones/Jason Knight/Edith Kirby/Rachael Moss/Jeb Bates
23.7%
What is the name of the organisation that runs the Cosmos Space Center?GYAXA
23.7%
In this case, the victim, Dustin Prince, is given the first and only canonical birthday in the original trilogy of games. When is it?September 6
22.9%
What is the full name of the organisation that Justine Courtney (Hakari Mikagami) is part of?Prosecutorial Investigation Committee
21.2%
What are the names of the two yokai depicted on the Yokai Legend Scroll, the two central to this case?The Nine-Tailed Fox and Tenma Taro
19.5%
Inga Karkhuul Khura'in's full name closely resembled an ironic rhetorical question in English. What was it?How could this name be any longer or more pompous than it already is? (Inga Karkhuul Haw'kohd Dis'nahm Bi'ahni Lawga Ormo Pohmpus Da'nit Ar'edi Iz Khura'in III)
16.1%
What was Ted Tonate's ID, which he edited to look like 'WOODS' upon his discovery of Candice Arme's writing of it in her own blood?L10015R
13.6%
What was the prisoner number of Datz Are'bal?Prisoner 201
11.9%
Which piece of evidence from Farewell, My Turnabout is found in the hidden evidence storage room, amongst many other pieces of evidence from past cases?Shelly de Killer's radio transceiver
5.9%
What does 'Ponco' stand for?Psychological Observation and Navigation Companion
5.1%

You're not logged in!

Compare scores with friends on all Sporcle quizzes.
Sign Up with Email
OR
Log In

You Might Also Like...

Show Comments

Extras

Top Quizzes Today


Score Distribution

Your Account Isn't Verified!

In order to create a playlist on Sporcle, you need to verify the email address you used during registration. Go to your Sporcle Settings to finish the process.